000
00287nam a22001337a 4500
008
181008b xxu||||| |||| 00| 0 eng d
020
_a
9780023937217
041
_a
eng
080
_a
101
100
_a
24
101
_a
FIL
245
_a
Philosophical Topics
_c
Paul.e
942
_2
udc
_c
BK
999
_c
49053
_d
49053